000 00406nam a22001697a 4500
999 _c3650
_d3649
005 20210831121335.0
008 160623b xxu||||| |||| 00| 0 eng d
020 _a019-568448-6
041 _aeng
082 _b9088
100 _aSoanes Catherine Stevenson ,Angus
_96843
245 _aConcise Oxford English Dictionary
260 _bOxford
300 _a1708
650 _aManagement
_9241
942 _cBK